Approaches to Quantum Gravity: towards a new understanding of space, time and matter (Record no. 5426)

MARC details
000 -LEADER
fixed length control field 00578nam a22001937a 4500
003 - CONTROL NUMBER IDENTIFIER
control field OSt
005 - DATE AND TIME OF LATEST TRANSACTION
control field 20161202182118.0
008 - FIXED-LENGTH DATA ELEMENTS--GENERAL INFORMATION
fixed length control field 161202b xxu||||| |||| 00| 0 eng d
020 ## - INTERNATIONAL STANDARD BOOK NUMBER
International Standard Book Number 9780521860451
040 ## - CATALOGING SOURCE
Transcribing agency DDC
082 ## - DEWEY DECIMAL CLASSIFICATION NUMBER
Classification number 531.14 APP 2009
100 ## - MAIN ENTRY--PERSONAL NAME
Personal name Edited by Daniele, Oriti
9 (RLIN) 11339
245 ## - TITLE STATEMENT
Title Approaches to Quantum Gravity: towards a new understanding of space, time and matter
260 ## - PUBLICATION, DISTRIBUTION, ETC. (IMPRINT)
Place of publication, distribution, etc. Cambridge University Press, 2009
300 ## - PHYSICAL DESCRIPTION
Extent xix,583p; ill: 26cm
504 ## - BIBLIOGRAPHY, ETC. NOTE
Bibliography, etc References, & index included
650 ## - SUBJECT ADDED ENTRY--TOPICAL TERM
Topical term or geographic name as entry element Quantum gravity
9 (RLIN) 11340
942 ## - ADDED ENTRY ELEMENTS (KOHA)
Source of classification or shelving scheme Other/Generic Classification Scheme
Koha item type Open Shelf
Holdings
Withdrawn status Lost status Source of classification or shelving scheme Damaged status Not for loan Home library Current library Date acquired Source of acquisition Inventory number Total Checkouts Full call number Barcode Date last seen Koha item type
    Dewey Decimal Classification     MUST Main Library MUST Main Library 02/12/2016   10/32120   531.14 APP 2009 2016-4990 02/12/2016 Open Shelf